000 00288nam a22001337a 4500
008 170929b xxu||||| |||| 00| 0 eng d
020 _a9781883920173
041 _aeng
080 _a37
100 _a47
101 _aEDU
245 _aTHE WHOLE STORY
_cSMIITH,M,A
942 _2udc
_cBK
999 _c30766
_d30766